[Event "4th Sabbiadoro-Master 2018"]
[Site "Lignano Sabbiadoro"]
[Date "2018.08.04"]
[Round "8.3"]
[White "Damia, Angelo"]
[Black "Zuttioni, Federico"]
[Result "1-0"]
[WhiteElo "2313"]
[BlackElo "2141"]
[Annotator "NA"]
[PlyCount "73"]
[EventDate "2018.07.29"]
[EventType "swiss"]
[EventCountry "ITA"]
[SourceTitle "playchess.com"]
[Source "ChessBase"]
[SourceQuality "1"]
[TimeControl "5400+30"]

1. c4 {[%emt 0:00:30]} Nf6 {[%emt 0:00:30]} 2. Nc3 {[%emt 0:00:00]} e5 {[%emt 0:04:30]} 3. f4 {[%emt 0:01:00]} exf4 {[%emt 0:04:30]} 4. d4 {[%emt 0:00:30]} Bb4 {[%emt 0:06:30]} 5. Bxf4 {[%emt 0:00:30]} O-O {[%emt 0:09:30]} 6. Nf3 {[%emt 0:03:30]} Re8 {[%emt 0:02:30]} 7. e3 {[%emt 0:01:30]} c5 {[%emt 0:24:30]} 8. Bd3 {[%emt 0:07:30]} d5 {[%emt 0:19:30]} 9. O-O {[%emt 0:00:30]} Bxc3 {[%emt 0:02:30]} 10. bxc3 {[%emt 0:00:00]} Be6 {[%emt 0:03:18]} 11. Ng5 {[%emt 0:03:00]} Nbd7 {[%emt 0:01:40]} 12. Qb1 {[%emt 0:01:30]} h6 {[%emt 0:05:04]} 13. Nxe6 {[%emt 0:01:30]} fxe6 {[%emt 0:01:31]} 14. Bg6 {[%emt 0:03:30]} b6 {[%emt 0:00:55]} 15. Bxe8 {[%emt 0:00:30]} Qxe8 {[%emt 0:00:03]} 16. cxd5 {[%emt 0:00:30]} exd5 {[%emt 0:00:20]} 17. Qf5 {[%emt 0:00:30]} Qe7 {[%emt 0:01:59]} 18. Rae1 {[%emt 0:01:30]} Re8 {[%emt 0:01:16]} 19. e4 {[%emt 0:05:30]} dxe4 {[%emt 0:01:01]} 20. d5 {[%emt 0:00:00]} c4 {[%emt 0:01:30]} 21. d6 {[%emt 0:01:00]} Qe6 {[%emt 0:01:47]} 22. Qxe6+ {[%emt 0:00:30]} Rxe6 {[%emt 0:00:02]} 23. Rd1 {[%emt 0:00:30]} Nc5 {[%emt 0:03:13]} 24. Rd4 {[%emt 0:02:30]} e3 {[%emt 0:02:13]} 25. Bg3 {[%emt 0:00:30]} e2 {[%emt 0:01:13]} 26. Re1 {[%emt 0:01:30]} b5 {[%emt 0:00:50]} 27. Rd2 {[%emt 0:00:00]} Re3 {[%emt 0:00:17]} 28. Bf2 {[%emt 0:00:00]} Rd3 {[%emt 0:00:06]} 29. Rexe2 {[%emt 0:00:30]} Ncd7 {[%emt 0:01:09]} 30. Rxd3 {[%emt 0:00:30]} cxd3 {[%emt 0:00:06]} 31. Rd2 {[%emt 0:00:00]} a6 {[%emt 0:00:13]} 32. Rxd3 {[%emt 0:00:00]} Kf7 {[%emt 0:00:26]} 33. Bd4 {[%emt 0:01:30]} Ne8 {[%emt 0:00:16]} 34. Rf3+ {[%emt 0:00:30]} Kg8 {[%emt 0:00:28]} 35. Re3 {[%emt 0:01:30]} Nxd6 {[%emt 0:00:29]} 36. Re7 {[%emt 0:00:00]} Nf6 {[%emt 0:00:08]} 37. Bxf6 {[%emt 0:00:00]} 1-0

[Event "4th Sabbiadoro-Master 2018"]
[Site "Lignano Sabbiadoro"]
[Date "2018.08.04"]
[Round "8.4"]
[White "Ristic, Nenad"]
[Black "Favilli, Edoardo"]
[Result "1-0"]
[WhiteElo "2356"]
[BlackElo "2116"]
[Annotator "NA"]
[PlyCount "149"]
[EventDate "2018.07.29"]
[EventType "swiss"]
[EventCountry "ITA"]
[SourceTitle "playchess.com"]
[Source "ChessBase"]
[SourceQuality "1"]
[TimeControl "5400+30"]

1. e4 {[%emt 0:00:30]} e6 {[%emt 0:06:30]} 2. d4 {[%emt 0:00:00]} d5 {[%emt 0:00:30]} 3. Nd2 {[%emt 0:00:00]} Nf6 {[%emt 0:00:00]} 4. e5 {[%emt 0:00:30]} Nfd7 {[%emt 0:00:00]} 5. Bd3 {[%emt 0:00:30]} c5 {[%emt 0:00:30]} 6. c3 {[%emt 0:00:30]} Nc6 {[%emt 0:00:30]} 7. Ne2 {[%emt 0:00:00]} cxd4 {[%emt 0:00:00]} 8. cxd4 {[%emt 0:00:00]} f6 {[%emt 0:00:00]} 9. exf6 {[%emt 0:00:30]} Nxf6 {[%emt 0:00:30]} 10. O-O {[%emt 0:00:00]} Bd6 {[%emt 0:00:30]} 11. Nf3 {[%emt 0:00:00]} O-O {[%emt 0:00:30]} 12. Bf4 {[%emt 0:00:30]} Bxf4 {[%emt 0:00:30]} 13. Nxf4 {[%emt 0:00:30]} Ne4 {[%emt 0:01:30]} 14. Qc1 {[%emt 0:01:30]} Ng5 {[%emt 0:00:30]} 15. Nxg5 {[%emt 0:01:30]} Qxg5 {[%emt 0:00:30]} 16. Ne2 {[%emt 0:05:30]} Qf6 {[%emt 0:07:30]} 17. Qe3 {[%emt 0:00:30]} Bd7 {[%emt 0:00:30]} 18. Bb5 {[%emt 0:04:30]} Rac8 {[%emt 0:22:30]} 19. Bxc6 {[%emt 0:03:30]} Bxc6 {[%emt 0:00:30]} 20. Rfe1 {[%emt 0:01:30]} Be8 {[%emt 0:09:30]} 21. Rac1 {[%emt 0:01:30]} Bg6 {[%emt 0:11:30]} 22. h3 {[%emt 0:03:30]} h6 {[%emt 0:18:38]} 23. Rc3 {[%emt 0:04:30]} Rxc3 {[%emt 0:06:06]} 24. Nxc3 {[%emt 0:00:30]} Bf7 {[%emt 0:01:24]} 25. Nb5 {[%emt 0:02:30]} Qe7 {[%emt 0:01:20]} 26. Qb3 {[%emt 0:06:30]} a6 {[%emt 0:01:47]} 27. Nc3 {[%emt 0:00:30]} Qf6 {[%emt 0:00:07]} 28. Qd1 {[%emt 0:05:30]} Rc8 {[%emt 0:02:04]} 29. Qd2 {[%emt 0:01:30]} Rc4 {[%emt 0:00:21]} 30. Ne2 {[%emt 0:00:30]} Bg6 {[%emt 0:01:33]} 31. Rc1 {[%emt 0:02:30]} Rxc1+ {[%emt 0:00:45]} 32. Qxc1 {[%emt 0:01:30]} e5 {[%emt 0:00:47]} 33. Qc3 {[%emt 0:02:30]} exd4 {[%emt 0:03:32]} 34. Qxd4 {[%emt 0:00:00]} Qxd4 {[%emt 0:02:03]} 35. Nxd4 {[%emt 0:00:00]} Kf7 {[%emt 0:00:00]} 36. f4 {[%emt 0:00:30]} Bb1 {[%emt 0:01:04]} 37. a3 {[%emt 0:00:30]} Ke7 {[%emt 0:00:17]} 38. Kf2 {[%emt 0:00:30]} Kd6 {[%emt 0:00:08]} 39. b4 {[%emt 0:00:00]} Be4 {[%emt 0:00:29]} 40. g4 {[%emt 0:00:00]} b6 {[%emt 0:00:53]} 41. Ke3 {[%emt 0:00:30]} Bb1 {[%emt 0:01:41]} 42. Ne2 {[%emt 0:01:30]} Be4 {[%emt 0:00:14]} 43. h4 {[%emt 0:00:30]} Kc6 {[%emt 0:00:40]} 44. g5 {[%emt 0:03:30]} hxg5 {[%emt 0:00:07]} 45. fxg5 {[%emt 0:00:30]} g6 {[%emt 0:01:24]} 46. Nc3 {[%emt 0:00:30]} Bf5 {[%emt 0:00:30]} 47. Kd4 {[%emt 0:00:30]} Be6 {[%emt 0:00:20]} 48. Ke5 {[%emt 0:00:30]} Bf7 {[%emt 0:00:06]} 49. Kf6 {[%emt 0:02:30]} d4 {[%emt 0:00:26]} 50. Ne2 {[%emt 0:00:30]} d3 {[%emt 0:00:29]} 51. Nc3 {[%emt 0:00:30]} Be8 {[%emt 0:00:46]} 52. Ke5 {[%emt 0:05:30]} Bd7 {[%emt 0:00:43]} 53. Kf4 {[%emt 0:00:30]} Kd6 {[%emt 0:00:41]} 54. Ke4 {[%emt 0:03:30]} Bf5+ {[%emt 0:00:07]} 55. Kd4 {[%emt 0:00:30]} d2 {[%emt 0:00:47]} 56. Ke3 {[%emt 0:00:00]} Ke5 {[%emt 0:00:06]} 57. Kxd2 {[%emt 0:00:00]} Kd4 {[%emt 0:00:13]} 58. Na4 {[%emt 0:01:30]} b5 {[%emt 0:01:07]} 59. Nc5 {[%emt 0:01:30]} Bc8 {[%emt 0:00:01]} 60. h5 {[%emt 0:00:30]} gxh5 {[%emt 0:00:01]} 61. g6 {[%emt 0:00:30]} Bf5 {[%emt 0:00:11]} 62. g7 {[%emt 0:00:30]} Bh7 {[%emt 0:00:05]} 63. Nxa6 {[%emt 0:01:30]} Bg8 {[%emt 0:02:01]} 64. Nc7 {[%emt 0:01:30]} Ke5 {[%emt 0:00:53]} 65. Ke3 {[%emt 0:00:30]} Kf6 {[%emt 0:00:22]} 66. Nxb5 {[%emt 0:00:00]} Kxg7 {[%emt 0:00:06]} 67. a4 {[%emt 0:00:00]} Kf6 {[%emt 0:00:28]} 68. a5 {[%emt 0:00:30]} Ke7 {[%emt 0:00:42]} 69. Kd4 {[%emt 0:03:30]} Kd7 {[%emt 0:00:01]} 70. Kc5 {[%emt 0:00:00]} Kc8 {[%emt 0:00:38]} 71. Nd6+ {[%emt 0:02:00]} Kb8 {[%emt 0:00:17]} 72. Kb6 {[%emt 0:00:30]} h4 {[%emt 0:00:34]} 73. a6 {[%emt 0:00:30]} Bc4 {[%emt 0:01:15]} 74. a7+ {[%emt 0:00:00]} Ka8 {[%emt 0:00:02]} 75. Ne8 {[%emt 0:00:00]} 1-0

[Event "4th Sabbiadoro-Master 2018"]
[Site "Lignano Sabbiadoro"]
[Date "2018.08.04"]
[Round "8.5"]
[White "Micottis, Dorian"]
[Black "Nester, Ihor"]
[Result "1/2-1/2"]
[WhiteElo "2295"]
[BlackElo "2305"]
[Annotator "NA"]
[PlyCount "69"]
[EventDate "2018.07.29"]
[EventType "swiss"]
[EventCountry "ITA"]
[SourceTitle "playchess.com"]
[Source "ChessBase"]
[SourceQuality "1"]
[TimeControl "5400+30"]

1. e4 {[%emt 0:00:30]} e5 {[%emt 0:00:30]} 2. Nf3 {[%emt 0:00:00]} Nc6 {[%emt 0:00:00]} 3. Bb5 {[%emt 0:00:00]} a6 {[%emt 0:00:00]} 4. Ba4 {[%emt 0:00:00]} Nf6 {[%emt 0:00:30]} 5. O-O {[%emt 0:00:00]} Be7 {[%emt 0:00:00]} 6. d3 {[%emt 0:00:30]} b5 {[%emt 0:00:00]} 7. Bb3 {[%emt 0:00:00]} d6 {[%emt 0:00:30]} 8. a3 {[%emt 0:00:00]} O-O {[%emt 0:01:30]} 9. Nc3 {[%emt 0:00:30]} Na5 {[%emt 0:16:30]} 10. Ba2 {[%emt 0:01:30]} c5 {[%emt 0:00:30]} 11. b4 {[%emt 0:00:30]} cxb4 {[%emt 0:12:30]} 12. axb4 {[%emt 0:00:00]} Nc6 {[%emt 0:00:30]} 13. Nd5 {[%emt 0:02:00]} Nxd5 {[%emt 0:02:30]} 14. Bxd5 {[%emt 0:00:00]} Qc7 {[%emt 0:02:30]} 15. c3 {[%emt 0:18:00]} Bb7 {[%emt 0:07:30]} 16. Qb3 {[%emt 0:06:30]} Bf6 {[%emt 0:00:30]} 17. Bg5 {[%emt 0:03:30]} Bxg5 {[%emt 0:17:30]} 18. Nxg5 {[%emt 0:00:30]} h6 {[%emt 0:00:30]} 19. Nh3 {[%emt 0:07:30]} Ne7 {[%emt 0:00:30]} 20. Bxb7 {[%emt 0:02:30]} Qxb7 {[%emt 0:00:30]} 21. f4 {[%emt 0:00:30]} exf4 {[%emt 0:18:28]} 22. Nxf4 {[%emt 0:01:30]} a5 {[%emt 0:02:43]} 23. bxa5 {[%emt 0:04:30]} Rxa5 {[%emt 0:00:05]} 24. Rxa5 {[%emt 0:00:30]} Qb6+ {[%emt 0:00:00]} 25. d4 {[%emt 0:00:00]} Qxa5 {[%emt 0:00:06]} 26. Ne6 {[%emt 0:00:00]} Rc8 {[%emt 0:01:33]} 27. Nxg7 {[%emt 0:04:30]} d5 {[%emt 0:06:48]} 28. Nf5 {[%emt 0:15:30]} Nxf5 {[%emt 0:00:10]} 29. Rxf5 {[%emt 0:00:30]} Rxc3 {[%emt 0:05:05]} 30. Qxd5 {[%emt 0:00:30]} Rc1+ {[%emt 0:00:09]} 31. Rf1 {[%emt 0:01:30]} Rxf1+ {[%emt 0:00:17]} 32. Kxf1 {[%emt 0:00:00]} Qa1+ {[%emt 0:00:14]} 33. Kf2 {[%emt 0:00:00]} Qb2+ {[%emt 0:00:23]} 34. Kf3 {[%emt 0:01:30]} b4 {[%emt 0:00:15]} 35. Qc5 {[%emt 0:08:30]} 1/2-1/2

[Event "4th Sabbiadoro-Master 2018"]
[Site "Lignano Sabbiadoro"]
[Date "2018.08.04"]
[Round "8.6"]
[White "Sgnaolin, Davide"]
[Black "Barberi, Alessandro"]
[Result "1-0"]
[WhiteElo "2267"]
[BlackElo "2044"]
[Annotator "NA"]
[PlyCount "41"]
[EventDate "2018.07.29"]
[EventType "swiss"]
[EventCountry "ITA"]
[SourceTitle "playchess.com"]
[Source "ChessBase"]
[SourceQuality "1"]
[TimeControl "5400+30"]

1. e4 {[%emt 0:00:30]} c5 {[%emt 0:00:30]} 2. c3 {[%emt 0:00:00]} d5 {[%emt 0:00:30]} 3. exd5 {[%emt 0:00:00]} Qxd5 {[%emt 0:00:30]} 4. d4 {[%emt 0:00:00]} cxd4 {[%emt 0:00:30]} 5. cxd4 {[%emt 0:01:00]} Nc6 {[%emt 0:00:30]} 6. Nf3 {[%emt 0:01:30]} Bg4 {[%emt 0:01:30]} 7. Be2 {[%emt 0:01:30]} e6 {[%emt 0:00:30]} 8. Nc3 {[%emt 0:02:30]} Bb4 {[%emt 0:02:30]} 9. O-O {[%emt 0:01:30]} Bxc3 {[%emt 0:06:30]} 10. bxc3 {[%emt 0:00:30]} Nge7 {[%emt 0:00:00]} 11. h3 {[%emt 0:05:30]} Bh5 {[%emt 0:01:00]} 12. Rb1 {[%emt 0:04:30]} O-O {[%emt 0:01:30]} 13. Rb5 {[%emt 0:02:30]} Bxf3 {[%emt 0:03:30]} 14. Rxd5 {[%emt 0:00:30]} Bxe2 {[%emt 0:00:00]} 15. Qxe2 {[%emt 0:00:30]} Nxd5 {[%emt 0:00:00]} 16. Bd2 {[%emt 0:15:30]} Rfd8 {[%emt 0:00:30]} 17. Qg4 {[%emt 0:07:30]} Na5 {[%emt 0:03:30]} 18. Bh6 {[%emt 0:04:30]} g6 {[%emt 0:03:30]} 19. Re1 {[%emt 0:08:30]} Rd6 {[%emt 0:01:30]} 20. Qe2 {[%emt 0:03:30]} Rc8 {[%emt 0:00:30]} 21. Qe5 {[%emt 0:00:00]} 1-0

[Event "4th Sabbiadoro-Master 2018"]
[Site "Lignano Sabbiadoro"]
[Date "2018.08.04"]
[Round "8.7"]
[White "Simonetto, Andrea"]
[Black "Olivetti, Davide"]
[Result "1/2-1/2"]
[WhiteElo "2173"]
[BlackElo "2234"]
[Annotator "NA"]
[PlyCount "40"]
[EventDate "2018.07.29"]
[EventType "swiss"]
[EventCountry "ITA"]
[SourceTitle "playchess.com"]
[Source "ChessBase"]
[SourceQuality "1"]
[TimeControl "5400+30"]

1. e4 {[%emt 0:00:30]} e5 {[%emt 0:00:30]} 2. Nc3 {[%emt 0:00:00]} Bc5 {[%emt 0:00:00]} 3. Na4 {[%emt 0:00:00]} Bxf2+ {[%emt 0:00:00]} 4. Kxf2 {[%emt 0:00:30]} Qh4+ {[%emt 0:00:30]} 5. Ke3 {[%emt 0:00:30]} Qf4+ {[%emt 0:00:30]} 6. Kd3 {[%emt 0:00:00]} d5 {[%emt 0:00:30]} 7. Kc3 {[%emt 0:00:00]} Qxe4 {[%emt 0:00:00]} 8. Kb3 {[%emt 0:00:30]} Na6 {[%emt 0:00:00]} 9. a3 {[%emt 0:00:30]} Qxa4+ {[%emt 0:00:30]} 10. Kxa4 {[%emt 0:00:30]} Nc5+ {[%emt 0:00:30]} 11. Kb4 {[%emt 0:00:30]} a5+ {[%emt 0:00:30]} 12. Kxc5 {[%emt 0:00:00]} Ne7 {[%emt 0:00:00]} 13. Bb5+ {[%emt 0:00:00]} Kd8 {[%emt 0:00:00]} 14. Bc6 {[%emt 0:00:30]} b6+ {[%emt 0:00:30]} 15. Kb5 {[%emt 0:00:00]} Nxc6 {[%emt 0:00:30]} 16. Kxc6 {[%emt 0:00:00]} Bb7+ {[%emt 0:00:00]} 17. Kb5 {[%emt 0:00:30]} Ba6+ {[%emt 0:00:00]} 18. Kc6 {[%emt 0:00:30]} Bb7+ {[%emt 0:00:30]} 19. Kb5 {[%emt 0:00:00]} Ba6+ {[%emt 0:00:00]} 20. Kc6 {[%emt 0:00:00]} Bb7+ {[%emt 0:01:00]} 1/2-1/2

[Event "4th Sabbiadoro-Master 2018"]
[Site "Lignano Sabbiadoro"]
[Date "2018.08.04"]
[Round "8.8"]
[White "Grigorian, Roudolph"]
[Black "Siclari, Giovanni"]
[Result "0-1"]
[WhiteElo "2154"]
[BlackElo "2185"]
[Annotator "NA"]
[PlyCount "162"]
[EventDate "2018.07.29"]
[EventType "swiss"]
[EventCountry "ITA"]
[SourceTitle "playchess.com"]
[Source "ChessBase"]
[SourceQuality "1"]
[TimeControl "5400+30"]

1. e4 {[%emt 0:00:30]} c5 {[%emt 0:00:30]} 2. Nf3 {[%emt 0:00:00]} e6 {[%emt 0:00:00]} 3. d4 {[%emt 0:00:00]} cxd4 {[%emt 0:00:00]} 4. Nxd4 {[%emt 0:00:00]} a6 {[%emt 0:00:00]} 5. Nc3 {[%emt 0:00:00]} Qc7 {[%emt 0:00:00]} 6. Be2 {[%emt 0:00:00]} Nf6 {[%emt 0:00:30]} 7. Be3 {[%emt 0:00:00]} Bb4 {[%emt 0:03:30]} 8. O-O {[%emt 0:18:30]} Bxc3 {[%emt 0:13:30]} 9. bxc3 {[%emt 0:00:30]} Nxe4 {[%emt 0:00:30]} 10. c4 {[%emt 0:00:30]} d6 {[%emt 0:14:30]} 11. Bd3 {[%emt 0:10:30]} Nf6 {[%emt 0:00:30]} 12. f4 {[%emt 0:05:30]} Nbd7 {[%emt 0:04:30]} 13. g4 {[%emt 0:00:30]} h5 {[%emt 0:10:30]} 14. g5 {[%emt 0:03:30]} Ng4 {[%emt 0:01:30]} 15. Qf3 {[%emt 0:00:30]} Nxe3 {[%emt 0:06:30]} 16. Qxe3 {[%emt 0:00:30]} Nc5 {[%emt 0:01:30]} 17. Rad1 {[%emt 0:10:30]} Bd7 {[%emt 0:06:30]} 18. g6 {[%emt 0:03:30]} O-O-O {[%emt 0:04:30]} 19. gxf7 {[%emt 0:00:30]} Rdf8 {[%emt 0:01:30]} 20. f5 {[%emt 0:10:30]} e5 {[%emt 0:03:30]} 21. Ne2 {[%emt 0:07:30]} Rxf7 {[%emt 0:01:30]} 22. Nc3 {[%emt 0:00:30]} Bc6 {[%emt 0:00:30]} 23. Be4 {[%emt 0:00:30]} Bxe4 {[%emt 0:02:30]} 24. Nxe4 {[%emt 0:00:30]} Nxe4 {[%emt 0:00:30]} 25. Qxe4 {[%emt 0:00:00]} Qc5+ {[%emt 0:02:30]} 26. Kg2 {[%emt 0:00:00]} Rc7 {[%emt 0:00:30]} 27. Rf2 {[%emt 0:01:30]} Rh6 {[%emt 0:02:04]} 28. Rfd2 {[%emt 0:12:20]} Qxc4 {[%emt 0:09:09]} 29. Qxe5 {[%emt 0:00:02]} Qc6+ {[%emt 0:03:15]} 30. Kg1 {[%emt 0:03:58]} Qc5+ {[%emt 0:01:27]} 31. Qxc5 {[%emt 0:00:04]} Rxc5 {[%emt 0:00:05]} 32. Rxd6 {[%emt 0:00:10]} Rxd6 {[%emt 0:04:53]} 33. Rxd6 {[%emt 0:00:01]} Rxf5 {[%emt 0:00:10]} 34. Rd2 {[%emt 0:05:23]} Kc7 {[%emt 0:00:38]} 35. Kg2 {[%emt 0:00:02]} g5 {[%emt 0:00:23]} 36. Re2 {[%emt 0:00:47]} Kd6 {[%emt 0:00:28]} 37. Kg3 {[%emt 0:00:29]} Rc5 {[%emt 0:00:05]} 38. Kf3 {[%emt 0:00:52]} Rf5+ {[%emt 0:00:25]} 39. Kg3 {[%emt 0:00:07]} Ra5 {[%emt 0:00:56]} 40. c4 {[%emt 0:03:50]} Ra3+ {[%emt 0:00:29]} 41. Kg2 {[%emt 0:00:07]} Rc3 {[%emt 0:00:34]} 42. Re4 {[%emt 0:00:14]} Rc2+ {[%emt 0:01:48]} 43. Kg3 {[%emt 0:00:01]} Rc3+ {[%emt 0:00:33]} 44. Kg2 {[%emt 0:00:15]} g4 {[%emt 0:01:46]} 45. Rd4+ {[%emt 0:01:53]} Kc6 {[%emt 0:00:08]} 46. Rf4 {[%emt 0:00:44]} Rh3 {[%emt 0:00:39]} 47. a4 {[%emt 0:00:20]} Kc5 {[%emt 0:00:56]} 48. Rf7 {[%emt 0:00:01]} b6 {[%emt 0:00:08]} 49. Rc7+ {[%emt 0:00:09]} Kb4 {[%emt 0:00:05]} 50. Rb7 {[%emt 0:02:22]} Ka5 {[%emt 0:00:06]} 51. Rb8 {[%emt 0:00:22]} Rc3 {[%emt 0:00:54]} 52. Rc8 {[%emt 0:02:15]} Kxa4 {[%emt 0:01:14]} 53. Rc6 {[%emt 0:00:01]} Ka5 {[%emt 0:00:00]} 54. Rh6 {[%emt 0:00:02]} Rh3 {[%emt 0:00:04]} 55. Rg6 {[%emt 0:00:25]} Rc3 {[%emt 0:01:10]} 56. Rg5+ {[%emt 0:00:16]} Kb4 {[%emt 0:00:19]} 57. Rxh5 {[%emt 0:01:02]} Rxc4 {[%emt 0:00:06]} 58. Rh6 {[%emt 0:00:13]} Ka5 {[%emt 0:00:13]} 59. Kf2 {[%emt 0:01:52]} b5 {[%emt 0:00:07]} 60. Ke2 {[%emt 0:00:21]} Rc3 {[%emt 0:01:00]} 61. Rg6 {[%emt 0:00:35]} Rc2+ {[%emt 0:00:05]} 62. Kd3 {[%emt 0:00:07]} Rxh2 {[%emt 0:00:04]} 63. Rxg4 {[%emt 0:00:00]} Rh3+ {[%emt 0:00:09]} 64. Kc2 {[%emt 0:00:06]} b4 {[%emt 0:00:03]} 65. Rg6 {[%emt 0:00:17]} Kb5 {[%emt 0:00:04]} 66. Kb2 {[%emt 0:00:13]} a5 {[%emt 0:00:08]} 67. Rf6 {[%emt 0:00:04]} Ka4 {[%emt 0:00:00]} 68. Rf2 {[%emt 0:00:11]} Rh4 {[%emt 0:00:27]} 69. Rg2 {[%emt 0:00:28]} b3 {[%emt 0:01:09]} 70. Rf2 {[%emt 0:02:19]} Kb4 {[%emt 0:00:05]} 71. Rg2 {[%emt 0:00:48]} a4 {[%emt 0:00:06]} 72. Rg1 {[%emt 0:00:15]} a3+ {[%emt 0:00:05]} 73. Kb1 {[%emt 0:00:25]} Rh3 {[%emt 0:00:34]} 74. Rf1 {[%emt 0:00:45]} Re3 {[%emt 0:00:15]} 75. Rg1 {[%emt 0:00:42]} Kc3 {[%emt 0:00:21]} 76. Rd1 {[%emt 0:01:53]} Re2 {[%emt 0:01:44]} 77. Ka1 {[%emt 0:00:39]} Kc2 {[%emt 0:00:16]} 78. Rb1 {[%emt 0:00:51]} b2+ {[%emt 0:02:31]} 79. Ka2 {[%emt 0:00:12]} Rd2 {[%emt 0:00:10]} 80. Rh1 {[%emt 0:00:39]} Rd1 {[%emt 0:00:09]} 81. Rh2+ {[%emt 0:00:23]} Kc1 {[%emt 0:00:39]} 0-1

[Event "4th Sabbiadoro-Master 2018"]
[Site "Lignano Sabbiadoro"]
[Date "2018.08.04"]
[Round "8.9"]
[White "Peric, Slavisa"]
[Black "Tiraboschi, Nicolo`"]
[Result "1-0"]
[WhiteElo "2120"]
[BlackElo "2102"]
[Annotator "NA"]
[PlyCount "75"]
[EventDate "2018.07.29"]
[EventType "swiss"]
[EventCountry "ITA"]
[SourceTitle "playchess.com"]
[Source "ChessBase"]
[SourceQuality "1"]
[TimeControl "5400+30"]

1. d4 {[%emt 0:00:30]} d5 {[%emt 0:04:30]} 2. Nf3 {[%emt 0:01:30]} Nf6 {[%emt 0:01:30]} 3. c4 {[%emt 0:00:30]} e6 {[%emt 0:00:00]} 4. Nc3 {[%emt 0:00:30]} dxc4 {[%emt 0:00:00]} 5. e3 {[%emt 0:00:00]} a6 {[%emt 0:00:30]} 6. a4 {[%emt 0:01:00]} c5 {[%emt 0:00:30]} 7. Bxc4 {[%emt 0:00:30]} Nc6 {[%emt 0:02:30]} 8. O-O {[%emt 0:00:00]} cxd4 {[%emt 0:02:30]} 9. exd4 {[%emt 0:04:00]} Be7 {[%emt 0:01:30]} 10. Be3 {[%emt 0:18:30]} O-O {[%emt 0:03:30]} 11. h3 {[%emt 0:01:30]} Nb4 {[%emt 0:03:30]} 12. Ne5 {[%emt 0:00:30]} b6 {[%emt 0:01:30]} 13. Qe2 {[%emt 0:05:30]} Bb7 {[%emt 0:03:30]} 14. Rfd1 {[%emt 0:01:30]} Nfd5 {[%emt 0:02:30]} 15. Nxd5 {[%emt 0:04:30]} Bxd5 {[%emt 0:04:30]} 16. b3 {[%emt 0:00:30]} Ra7 {[%emt 0:14:30]} 17. Rac1 {[%emt 0:02:30]} b5 {[%emt 0:21:30]} 18. Bxd5 {[%emt 0:14:30]} Qxd5 {[%emt 0:00:30]} 19. Bd2 {[%emt 0:01:30]} Rb7 {[%emt 0:09:30]} 20. axb5 {[%emt 0:05:30]} axb5 {[%emt 0:00:30]} 21. Qf3 {[%emt 0:02:30]} f6 {[%emt 0:07:39]} 22. Bxb4 {[%emt 0:07:30]} Qxf3 {[%emt 0:02:11]} 23. Nxf3 {[%emt 0:00:30]} Bxb4 {[%emt 0:00:03]} 24. Rc6 {[%emt 0:00:30]} Kf7 {[%emt 0:00:53]} 25. Ra1 {[%emt 0:01:30]} Re8 {[%emt 0:08:10]} 26. Raa6 {[%emt 0:00:30]} Bf8 {[%emt 0:00:27]} 27. Kf1 {[%emt 0:03:30]} b4 {[%emt 0:00:28]} 28. Ke2 {[%emt 0:00:30]} Ree7 {[%emt 0:00:04]} 29. Kd3 {[%emt 0:05:16]} Rec7 {[%emt 0:00:31]} 30. Nd2 {[%emt 0:04:11]} Rxc6 {[%emt 0:00:08]} 31. Rxc6 {[%emt 0:00:11]} Ra7 {[%emt 0:00:16]} 32. Ne4 {[%emt 0:01:08]} Ra2 {[%emt 0:01:48]} 33. Rc7+ {[%emt 0:02:33]} Kg6 {[%emt 0:01:48]} 34. Nc5 {[%emt 0:00:13]} Bd6 {[%emt 0:02:27]} 35. Rd7 {[%emt 0:00:25]} Bf4 {[%emt 0:00:53]} 36. Nxe6 {[%emt 0:01:35]} Bh6 {[%emt 0:00:30]} 37. Nf8+ {[%emt 0:01:55]} Kf5 {[%emt 0:00:05]} 38. Rd5+ {[%emt 0:00:09]} 1-0

[Event "4th Sabbiadoro-Master 2018"]
[Site "Lignano Sabbiadoro"]
[Date "2018.08.04"]
[Round "8.10"]
[White "Mufic, Goran"]
[Black "Sponchiado, Dario"]
[Result "1/2-1/2"]
[WhiteElo "2299"]
[BlackElo "2059"]
[Annotator "NA"]
[PlyCount "46"]
[EventDate "2018.07.29"]
[EventType "swiss"]
[EventCountry "ITA"]
[SourceTitle "playchess.com"]
[Source "ChessBase"]
[SourceQuality "1"]
[TimeControl "5400+30"]

1. e4 {[%emt 0:00:30]} e6 {[%emt 0:00:30]} 2. Nc3 {[%emt 0:00:00]} d5 {[%emt 0:00:30]} 3. Nf3 {[%emt 0:00:00]} Nf6 {[%emt 0:00:30]} 4. e5 {[%emt 0:00:00]} Nfd7 {[%emt 0:00:30]} 5. d4 {[%emt 0:00:00]} a6 {[%emt 0:02:30]} 6. Bd3 {[%emt 0:00:30]} c5 {[%emt 0:03:30]} 7. dxc5 {[%emt 0:00:00]} Nxc5 {[%emt 0:00:30]} 8. O-O {[%emt 0:00:00]} Nc6 {[%emt 0:02:30]} 9. Re1 {[%emt 0:01:30]} Be7 {[%emt 0:02:30]} 10. a3 {[%emt 0:05:30]} O-O {[%emt 0:07:30]} 11. Bf4 {[%emt 0:05:30]} f5 {[%emt 0:16:30]} 12. exf6 {[%emt 0:02:30]} Bxf6 {[%emt 0:00:30]} 13. Qd2 {[%emt 0:02:30]} b5 {[%emt 0:22:30]} 14. Ne5 {[%emt 0:01:30]} Nxe5 {[%emt 0:05:30]} 15. Bxe5 {[%emt 0:00:00]} Bb7 {[%emt 0:01:30]} 16. Bg3 {[%emt 0:13:00]} Qb6 {[%emt 0:02:30]} 17. Rad1 {[%emt 0:07:30]} Rad8 {[%emt 0:06:30]} 18. Kh1 {[%emt 0:07:30]} b4 {[%emt 0:02:30]} 19. axb4 {[%emt 0:01:30]} Ne4 {[%emt 0:00:30]} 20. Bxe4 {[%emt 0:00:30]} dxe4 {[%emt 0:00:30]} 21. Qe2 {[%emt 0:09:30]} Qxb4 {[%emt 0:03:49]} 22. h4 {[%emt 0:01:30]} Bxc3 {[%emt 0:06:17]} 23. bxc3 {[%emt 0:00:00]} Qxc3 {[%emt 0:00:10]} 1/2-1/2